Hilariously Bad Descriptions of Science Terms - Statistics

General Stats
  • This quiz has been taken 5 times
  • The average score is 9 of 15
Answer Stats
Hilariously Bad Description Answer % Correct
What's cooler than being cool? Absolute Zero
100%
This stuff decided to do "opposite day" every day Antimatter
75%
It's like the Hotel California: once you enter, you can never leave Black Hole
75%
When two atoms take a socialist approach to their electrons Covalent Bond
75%
Objects just want to keep doing their thing, and won't change that unless you force them to Inertia
75%
It's going through a bit of a phase, it can't decide if it wants to be a particle or a wave Light
75%
They're kind of like Earth's pimples Volcanoes
75%
It's like if a sphere was rotating, except it's not rotating. And it's not a sphere. Electron Spin
50%
Pokemon really overstated how fast this process happens Evolution
50%
Even the ugliest person on Earth is still attractive thanks to this Gravity
50%
The amount of "oomph" something has Momentum
50%
"Tired of eating chemical soup? Now you can eat sunlight!" Photosynthesis
50%
Unfortunately, it's much more likely to give you cancer than superpowers Radiation
50%
In chemistry, it technically is a solution Alcohol
25%
"I'm too hot, call the p̶o̶l̶i̶c̶e̶ physicists and the firemen" Chernobyl
0%
No matching quizzes found
Score Distribution
Percent of People with Each Score
Percentile by Number Answered
Your Score History
You have not taken this quiz